Persian gulf, Afghanistan and Iraq wars / (Record no. 94075)

MARC details
000 -LEADER
fixed length control field 00745nam a22002537a 4500
003 - CONTROL NUMBER IDENTIFIER
control field OSt
005 - DATE AND TIME OF LATEST TRANSACTION
control field 20260408075533.0
008 - FIXED-LENGTH DATA ELEMENTS--GENERAL INFORMATION
fixed length control field 260408b |||||||| |||| 00| 0 eng d
020 ## - INTERNATIONAL STANDARD BOOK NUMBER
International Standard Book Number 9780716638056
040 ## - CATALOGING SOURCE
Transcribing agency HS LRC
050 ## - LIBRARY OF CONGRESS CALL NUMBER
Classification number DS 371.412
Item number .F524pe 2018
100 ## - MAIN ENTRY--PERSONAL NAME
Personal name Firme, Tom
9 (RLIN) 131530
245 ## - TITLE STATEMENT
Title Persian gulf, Afghanistan and Iraq wars /
Statement of responsibility, etc. Tom Firme
260 ## - PUBLICATION, DISTRIBUTION, ETC. (IMPRINT)
Place of publication, distribution, etc. Chicago, Illinois :
Name of publisher, distributor, etc. World Book,
Date of publication, distribution, etc. c2018.
265 ## - SOURCE FOR ACQUISITION/SUBSCRIPTION ADDRESS [OBSOLETE]
Source for acquisition/subscription address Phoenix Educational Systems, Inc.
300 ## - PHYSICAL DESCRIPTION
Extent 128 pages :
Other physical details color illustrations ;
Dimensions 24 cm.
365 ## - TRADE PRICE
Price amount 2,250.00
440 ## - SERIES STATEMENT/ADDED ENTRY--TITLE
Title History Summarized
9 (RLIN) 131531
504 ## - BIBLIOGRAPHY, ETC. NOTE
Bibliography, etc Includes index.
650 ## - SUBJECT ADDED ENTRY--TOPICAL TERM
Topical term or geographic name as entry element Afghan war, 2001-2021
9 (RLIN) 131623
650 ## - SUBJECT ADDED ENTRY--TOPICAL TERM
Topical term or geographic name as entry element Iraq war, 2003-2011
9 (RLIN) 7052
650 ## - SUBJECT ADDED ENTRY--TOPICAL TERM
Topical term or geographic name as entry element Persian Gulf war, 1991
9 (RLIN) 92858
942 ## - ADDED ENTRY ELEMENTS (KOHA)
Source of classification or shelving scheme Library of Congress Classification
Koha item type Books
Holdings
Withdrawn status Lost status Source of classification or shelving scheme Damaged status Not for loan Collection code Home library Current library Shelving location Date acquired Source of acquisition Cost, normal purchase price Inventory number Total Checkouts Full call number Barcode Date last seen Copy number Cost, replacement price Price effective from Koha item type
    Library of Congress Classification     Circulation DLSU-D HS Learning Resource Center DLSU-D HS Learning Resource Center Circulation 06/24/2025 HS LRC SY 2024-2025 2250.00 CIR-002533   DS 371.412 .F524pe 2018 3HS00000002533 04/08/2026 002533 2250.00 04/08/2026 Books